Hospitality facilities management and design (Record no. 17917)

MARC details
000 -LEADER
fixed length control field 00714nam a22002177a 4500
008 - FIXED-LENGTH DATA ELEMENTS--GENERAL INFORMATION
fixed length control field 191002b xxu||||| |||| 00| 0 eng d
020 ## - INTERNATIONAL STANDARD BOOK NUMBER
International Standard Book Number 0866122856
040 ## - CATALOGING SOURCE
Original cataloging agency KABU
Transcribing agency KABU
050 ## - LIBRARY OF CONGRESS CALL NUMBER
Classification number TX928
Item number .S75 2006 c. 1
100 ## - MAIN ENTRY--PERSONAL NAME
Personal name Stipanuk, David M.
245 ## - TITLE STATEMENT
Title Hospitality facilities management and design
Statement of responsibility, etc. David M. Stipanuk
250 ## - EDITION STATEMENT
Edition statement 3rd ed.
260 ## - PUBLICATION, DISTRIBUTION, ETC. (IMPRINT)
Place of publication, distribution, etc. Michigan
Name of publisher, distributor, etc. American Hotel & Lodging
Date of publication, distribution, etc. 2006
300 ## - PHYSICAL DESCRIPTION
Extent xiii, 561 p.
650 ## - SUBJECT ADDED ENTRY--TOPICAL TERM
Topical term or geographic name as entry element Hotels
General subdivision Maintenance and repair
650 ## - SUBJECT ADDED ENTRY--TOPICAL TERM
Topical term or geographic name as entry element Restaurants
General subdivision Design and construction
650 ## - SUBJECT ADDED ENTRY--TOPICAL TERM
Topical term or geographic name as entry element Hospitality industry
General subdivision Management
650 ## - SUBJECT ADDED ENTRY--TOPICAL TERM
Topical term or geographic name as entry element Restaurants
General subdivision Maintenance and repair
650 ## - SUBJECT ADDED ENTRY--TOPICAL TERM
Topical term or geographic name as entry element Hotels
General subdivision Design and construction
942 ## - ADDED ENTRY ELEMENTS (KOHA)
Source of classification or shelving scheme Library of Congress Classification
Koha item type General Collection
Classification part TX928
Holdings
Withdrawn status Lost status Source of classification or shelving scheme Not for loan Home library Current library Date acquired Cost, normal purchase price Total Checkouts Full call number Barcode Date last seen Date last checked out Copy number Price effective from Koha item type
    Library of Congress Classification   Kabarak, Main Campus Kabarak, Main Campus 18/10/2019 13799.96 2 TX928 .S75 2006 c. 1 023634 14/02/2022 04/02/2022 c. 1 18/10/2019 General Collection
    Library of Congress Classification   Kabarak, Main Campus Kabarak, Main Campus 18/10/2019 13799.96 3 TX928 .S75 2006 c. 1 023716 04/04/2022 18/03/2022 c. 1 18/10/2019 General Collection
    Library of Congress Classification   Kabarak, Main Campus Kabarak, Main Campus 18/10/2019 13799.96   TX928 .S75 2006 c. 3 029747 02/09/2021   c. 3 18/10/2019 General Collection
Designed with assistance from East African Informatics Ltd